000 007770000a22002290004500
003 LK-CoMWRAF
005 20240113102724.0
008 230817t1995 ||||| |||| 00| 0 eng d
020 _a9839900315
040 _aLK-CoMWRAF
_dLK-CoMWRAF
_eLK-CoMWRAF
041 _aeng
082 _a362.8292
_bABD
100 _aAbdullah, Rasheedah
245 _a Battered women in Malaysia : prevalence, problems and public attitudes :
_b a summary report of Women's Aid Organisation Malaysia's National Research on Domestic Violence
260 _aPetaling Jaya:
_bWomen's Aid Organisation,
_c1995
300 _a 45 p. ; 30 cm
650 _aAbused women- Research- Malaysia
650 _aWife abuse- Research
700 _aRaj-Hashim, Rita
700 _aSchamitt, Gabriele
942 _cBK
999 _c3010
_d3010